000 00403nam a2200157Ia 4500
005 20250702025125.0
008 240331s9999 xx 000 0 und d
020 _a9558381071
082 _bAHU
_a407
100 _aAhubudu, A
245 0 _aArutha-nirutha :
_bmeaning and etymology
260 _aColombo
_bSadeepa Publishers
_c2000
300 _a146 p .,
500 _aThe meaning is absolute
942 _cL
999 _c3236
_d3236